000 01501nam a2200277Ia 4500
003 Ost
005 20260507075409.0
008 260507s9999||||xx |||||||||||||| ||und||
020 _a37571199579
040 _cfsecg
041 _aara
082 _a600
100 _aالخطيب، خالد شحادة
_eمؤلف
245 0 _aالمحاسبة الحكومية /
_c خالد شحادة الخطيب
260 _aعمان:
_bدار وائل,
_c2008
300 _a412 صفحة؛
_bإيضاحات ؛
_c24 سم
504 _aالمراجع ص.405
520 _aيضم مفهوم المحاسبة الحكومية والمنشآت غير الربحية، نظرية المحاسبة في كل من المشروعات الاقتصادية والوحدات الحكومية، أسس التسجيل والقياس والقيود المحاسبية الحكومية، الاطار المؤسسي للنظام المحاسبي الحكومي في الأردن، الموازنة العامة للدولة، تصنيف حسابات الموازنة، الحساب الختامي للموازنة العامة للدولة في النظام الأردني
653 _aالأردن- المحاسبة الحكومية
653 _aالمحاسبة
653 _aالمحاسبة الحكومية
653 _aالميزانية العامة
653 _aتدقيق الحسابات الحكومية
700 _aالمهايني، محمد خالد
_eمؤلف ثانوي
942 _cكتاب
999 _c44368
_d44368